Η γένεση της μοντέρνας τέχνης (αρχές του 20ου αιώνα) : παιδαγωγικές και εκπαιδευτικές εφαρμογές των αισθητικών και καλλιτεχνικών αντιλήψεών τους ; διπλωματική εργασία [διδακτορική εργασία]
Αποθηκεύτηκε σε:
| Κύριος συγγραφέας: | |
|---|---|
| Συγγραφή απο Οργανισμό/Αρχή: | |
| Μορφή: | Thesis Βιβλίο |
| Γλώσσα: | Greek |
| Δημοσίευση: |
2015.
|
| Θέματα: | |
| Διαθέσιμο Online: | http://hdl.handle.net/11610/10784 |
| Ετικέτες: |
Προσθήκη ετικέτας
Δεν υπάρχουν, Καταχωρήστε ετικέτα πρώτοι!
|
MARC
| LEADER | 00000cam a2200000 a 4500 | ||
|---|---|---|---|
| 001 | 1/107202 | ||
| 008 | 150702s2015####gr | ||| |||| ||gre|| | ||
| 040 | |a GR-MyUa |b gre |c GR-MyUa |e AACR2 | ||
| 041 | 0 | |a gre | |
| 082 | 7 | |a 372.5 |2 (23) | |
| 100 | 1 | |a Καντάς, Κωνσταντίνος Σ. | |
| 245 | 1 | 2 | |a Η γένεση της μοντέρνας τέχνης (αρχές του 20ου αιώνα) : |b παιδαγωγικές και εκπαιδευτικές εφαρμογές των αισθητικών και καλλιτεχνικών αντιλήψεών τους ; διπλωματική εργασία [διδακτορική εργασία] / |c Καντάς Κωνσταντίνος ; επιβλέπων καθηγητής Φιοραβάντες Σπυροβασίλης. |
| 260 | |c 2015. | ||
| 300 | |a 383 σ. : |b εικ. ; |c 30 εκ. | ||
| 502 | # | # | |a Διατριβή (διδακτορική) – Πανεπιστήμιο Αιγαίου, Ρόδος, 2015. |
| 504 | |a Βιβλιογραφία: σ. 373-383. | ||
| 506 | 0 | |a Πλήρες κείμενο - Ελεύθερη δημοσίευση. | |
| 650 | 0 | |a Art, Modern |y 20th century. | |
| 650 | 0 | |a Art |x Study and teaching. | |
| 650 | 0 | |a Aesthetics. | |
| 700 | 1 | |a Φιοραβάντες, Βασίλης, |d 1952- |e dgs | |
| 710 | 2 | |a Πανεπιστήμιο Αιγαίου |b Σχολή Ανθρωπιστικών Επιστημών |b Παιδαγωγικό Τμήμα Δημοτικής Εκπαίδευσης. | |
| 852 | |a INST |b RHODES |c DIATR |e 20150702 |h 372.5 ΚΑΝ |p 005400037867 |q 005400037867 |t PHD |y 23 | ||
| 852 | |a INST |b RHODES |c DIATR |e 20150702 |h 372.5 ΚΑΝ |p 005400037868 |q 005400037868 |t PHD |y 23 | ||
| 856 | |u http://hdl.handle.net/11610/10784 | ||
| 924 | |a Καντάς |b Κωνσταντίνος |y Ρόδος |z 2015-02 | ||
| 970 | |z 02-07-2015 | ||